Statystyki dla Państwa wyspiarskie Afryki

Kliknij tutaj aby rozwiązać quiz!

Ogólne statystyki

  • Ten quiz został rozwiązany 98 razy
  • Średni wynik to 5 z 6

Statystyki odpowiedzi

Państwo% Poprawnych
Madagaskar
93%
Seszele
89%
Wyspy Świętego
Tomasza i Książęca
88%
Komory
83%
Republika Zielonego
Przylądka
83%
Mauritius
78%

Rozkład punktacji

Percentyl według liczby udzielonych odpowiedzi

Procent ludzi z każdym wynikiem

Twoja historia wyników

Nie rozwiązałeś tego quizu